Ontario General Knowledge - Statistics

General Stats
  • This quiz has been taken 52 times
  • The average score is 9 of 15
Answer Stats
Hint Answer % Correct
Canada's Capital Ottawa
97%
Capital Toronto
97%
Current Premier (2018-) Doug Ford
92%
Giant Waterfall Niagara Falls
90%
Only NBA Team in Canada Toronto Raptors
87%
Second Largest Bay in the World Hudson Bay
79%
Largest Lake Lake Superior
77%
Lake in Which the Above can be Found Lake Huron
59%
Famous Statue of This Person in Thunder Bay Terry Fox
41%
Geologic Region Found Across Ontario Canadian Shield
38%
Extension of the Bay Above James Bay
33%
Southernmost Point Point Pelee
28%
Largest Island Within a Freshwater Lake in the World Manatoulin
26%
Longest River Albany River
15%
Oldest Town in Ontario Sault Ste. Marie
13%
No matching quizzes found
Score Distribution
Percent of People with Each Score
Percentile by Number Answered
Your Score History
You have not taken this quiz